000 00471nam a2200169Ia 4500
008 241206s9999||||xx |||||||||||||| ||und||
020 _a9812449272
_c0
040 _beng
_cSSK Library
_erda
082 _a620.11292/LOW
100 _a K.H.Low -
245 0 _aMechanics Of Mechanisms:Basic And Systematic Approaches
250 _a2nd ed
260 _b Pearson Education
_c©2005
942 _2Dewey Decimal Classification
_cBOOK
_nNo
999 _c16654
_d16654
003 OSt
005 20241206223252.0